000 00938nam a22003015i 4500
001 11278
003 ES-MaACL
005 20230906150051.0
007 t|
008 921020s1992 sp |||| | spa j
020 _a84-7100-496-8
080 _a341.222(83)(091)
080 _a338.1(83)"15/17"
080 _a308(83)"15/17"
100 1 _aVillalobos R., Sergio.
_9114966
245 1 3 _aLa vida fronteriza en Chile /
_cSergio Villalobos R.
260 _aMadrid :
_bMAPFRE,
_cD.L. 1992.
300 _a435 p. :
_bil. ;
_c23 cm.
490 1 _aRealidades americanas ;
_v13
500 _aÍndices.
504 _aBibliografía: p. [417]-424.
651 4 _aChile-
_xFronteras-
_vHistoria.
_9168354
651 4 _aChile-
_xSituación económica-
_yS.XVI-XVIII.
_9167695
651 4 _aChile-
_xSituación social-
_vHistoria.
_9167696
830 0 _aRealidades americanas ;
_v13
_9178987
852 _aES-MaACL
_jL-18592
999 _c11278
_d11278